00457nam a2200157Ia 4500008004100000020001800041082001400059100002200073245004600095250000700141260003800148300002300186500001900209600002100228650005000249240925s9999 xx 000 0 und d a9781119978770 a006.7 DAW aDawson, Alexander 0aFuture Proof Web Design: A survical guide aNA aLondon:bJohn Wiley Sonsc,2012. a269p.b0fOriginal aIncludes Index aComputer Science aComputer science, information & general works